लोड हो रहा है...

Perspectives in parasitology

ग्रंथसूची विवरण
मुख्य लेखक: Sen, A B, Ed
अन्य लेखक: Katiyar, J C, ed
स्वरूप: Printed Book
भाषा:Undetermined
प्रकाशित: Lucknow : Print House, 1985
विषय:
LEADER 00501nam a2200157Ia 4500
008 200122s9999||||xx |||||||||||||| ||und||
080 |a 616.96  |b SEN-P 
100 |a Sen, A B, Ed. 
245 0 |a Perspectives in parasitology 
260 |a  Lucknow :  |b Print House,  |c 1985 
300 |a 306 p. 
650 |a Parasitic diseases 
700 |a  Katiyar, J C, ed. 
942 |c BK 
999 |c 260629  |d 260629 
952 |0 0  |1 0  |4 0  |6 616_960000000000000_SENP  |7 0  |9 276840  |a BCH  |b BCH  |l 0  |o 616.96 SEN-P  |p BCH1732  |r 2020-01-24  |w 2020-01-24  |y BK